Oceanian Geography by Letter - T - Statistics

General Stats
  • This quiz has been taken 151 times
  • The average score is 10 of 20
Answer Stats
Hint Answer % Correct
Largest island of Australia Tasmania
100%
Sport played at the Australian Open Tennis
86%
Monarchial country Tonga
86%
Island visited by the HMS Bounty Tahiti
84%
Formerly known as "Ellice Islands" Tuvalu
77%
What the T in ACT and NT stands for Territory
65%
What Nullarbor Plain doesn't have Trees
59%
Biggest city in Kiribati Tarawa
53%
Strait separating Cape York from New Guinea {Torres} Strait
53%
Staple crop of Polynesia Taro
49%
Dependent territory of New Zealand located north of Samoa Tokelau
34%
Unofficial capital of North Queensland Townsville
32%
New Zealand's largest lake Lake {Taupo}
31%
Sea to Australia's northwest Timor Sea
29%
Informally referred to as "the Ditch" Tasman Sea
25%
Papua New Guinea's lingua franca Tok Pisin
25%
What the Melbourne Airport is colloquially known as {Tulla}marine
21%
Largest New Zealand city with a Maori name Tauranga
20%
NSW city that sits adjacent to Queensland's Gold Coast {Tweed} Heads
17%
Part of French Polynesia that is world's largest chain of atolls Tuamotus
9%
No matching quizzes found
Score Distribution
Percent of People with Each Score
Percentile by Number Answered
Your Score History
You have not taken this quiz